000 01146naa a22002777a 4500
001 BR9209935
003 BR-BrBNA
005 20240918180812.0
007 ta
008 230509b bl.||||| |||| 00| 0 por d
040 _aBR-BrBNA
_bpor
_cBiblioteca Nacional de Agricultura
041 _a(Pt)
072 _aL74
_b5212
090 _aL74 BR9209935
100 1 _aCardoso, E.C.
111 1 _a16. Congresso Mundial de Buiatria; 6. Congresso Latino Americano de Buiatria
_cSalvador, BA (Brazil)
_d13-17 Aug 1990
245 1 _aAlguns parametros fisiologicos de bovinos na reproducao experimental do hiperparatireoidismo secundario nutricional
260 3 _aSalvador, BA (Brasil):
_c1990.
500 _a16. Congresso Mundial de Buiatria; 6. Congresso Latino Americano de Buiatria Salvador, BA (Brasil): 1990. p. 501-505 (BR9209935-AM)L74
650 _aBOVINO
650 _aFISIOLOGIA ANIMAL
650 _aHIPERPARATIREOIDISMO
773 0 _t16. Congresso Mundial de Buiatria; 6. Congresso Latino Americano de Buiatria
_b
_wL74 BR9209935
_gSalvador, BA (Brasil), 1990. p. 501-505
909 _a202404
_bLucia
_c55
_dLucia Elande
942 _cAM
_2AGRIS
999 _c322104
_d322104